| 000 | 00774nam a2200253 a 4500 | ||
|---|---|---|---|
| 001 | 24915 | ||
| 003 | CO-ViMGA | ||
| 008 | 141112s2004 ck r 000 u spa d | ||
| 020 | _a9789585750326 | ||
| 040 |
_aCO-ViMGA _bspa _cCO-ViMGA |
||
| 041 | _aSPA | ||
| 090 | _aC NAD2 | ||
| 100 | 1 |
_aNadja, 1955 - _937375 |
|
| 245 | 1 | 0 |
_aPerro azul / _ctexto e ilustración Nadja ; traduciión Anna Coll - Vinent |
| 260 |
_aBogotá : _bCorimbo; Monserrate, _c2012 |
||
| 300 | _a34 p. : il. col. | ||
| 650 | 1 | 4 |
_aAVENTURAS - CUENTO _92521 |
| 650 | 1 | 4 |
_aCUENTOS INFANTILES FRANCESES _97840 |
| 650 | 1 | 4 |
_aDESDE LOS 6 AÑOS _92351 |
| 650 | 1 | 4 |
_aPERROS - CUENTO _937376 |
| 650 | 1 | 4 |
_aRELACION NIÑO - ANIMAL - CUENTO _937377 |
| 700 | 1 |
_aColl - Vinent, Anna _937378 |
|
| 942 |
_2ddc _cBK |
||
| 999 |
_c2590 _d2590 |
||